| 000 | 01086nam a22003137a 4500 | ||
|---|---|---|---|
| 001 | 9245 | ||
| 003 | FISKH | ||
| 005 | 20251204143444.0 | ||
| 008 | 251204b cb ||||| |||| 00| 0 eng d | ||
| 020 | _a9780531213070 | ||
| 040 |
_aFISKH _beng _cFISKH _dFISKH |
||
| 050 | _aQC527 .G723 | ||
| 082 | _a333.793 | ||
| 100 | _aGraham , Ian | ||
| 245 |
_aYou won't want to live without electricity / _cWritten by Ian Graham : Illustrated by Rory Walker |
||
| 260 |
_aNew York : _bScholastic , _c2015 . |
||
| 300 |
_a32 pages : _bcolor illustrations ; _c24 cm . |
||
| 490 | _aYou Wouldn't Want to (Live Without) | ||
| 505 | _aZ | ||
| 520 | _aUses humor in both text and illustrations to describe what it would be like to live without the electric power that makes modern life possible. | ||
| 521 | 8 |
_a920
_bLexile |
|
| 521 | 8 |
_aZ
_bRaz-Plus |
|
| 650 |
_aGeneral science _vNon-fiction |
||
| 650 |
_aExperiments _vNon-fiction |
||
| 700 |
_aWalker, Rory _eIllustrator |
||
| 700 |
_aSalariya, David _eCreator and designer |
||
| 942 |
_2ddc _cBK _n0 |
||
| 999 |
_c9245 _d9245 |
||